[Event "TUN-ch"]
[Site "Sfax"]
[Date "2022.01.25"]
[Round "4"]
[White "Jmila, Omar"]
[Black "Ben Ammar, Mohamed"]
[Result "1/2-1/2"]
[WhiteElo "2138"]
[BlackElo "2148"]
[PlyCount "134"]
[EventDate "2022.01.22"]
[EventType "tourn"]
[EventRounds "11"]
[EventCountry "TUN"]
[SourceTitle "CBM 206 Extra"]
[Source "ChessBase"]
[SourceDate "2022.03.31"]
[SourceVersion "1"]
[SourceVersionDate "2022.03.31"]
[SourceQuality "1"]

1. e4 e5 2. Nf3 Nc6 3. Bb5 a6 4. Ba4 Nf6 5. 0-0 b5 6. Bb3 Bc5 7. Bd5 0-0 8. Bxc6 dxc6 9. d3 Nd7 10. Be3 Bd6 11. Nbd2 Qe7 12. Re1 Rd8 13. Nf1 c5 14. a4 bxa4 15. Rxa4 Nb6 16. Ra1 c4 17. d4 exd4 18. Nxd4 Bb7 19. f3 Qf6 20. Qc1 h6 21. Nf5 c3 22. b3 Bc8 23. Nxd6 Qxd6 24. Rd1 Qxd1 25. Qxd1 Rxd1 26. Rxd1 a5 27. Rd3 a4 28. Bxb6 axb3 29. cxb3 cxb6 30. Rxc3 Be6 31. Nd2 Rd8 32. Rc2 Rd3 33. Rb2 Kf8 34. Kf2 Rc3 35. b4 Ke7 36. Nb1 Rc1 37. Ke3 Kd6 38. Kd4 Rd1+ 39. Nd2 Kc6 40. b5+ Kd6 41. Rc2 Bd7 42. Rb2 f6 43. Kc4 Ke5 44. Kd3 Kd6 45. Kd4 Bxb5 46. Rxb5 Rxd2+ 47. Ke3 Rxg2 48. Rxb6+ Kc7 49. Ra6 Kd7 50. Ra7+ Ke8 51. h4 Kf8 52. Kf4 Kg8 53. Kf5 Kh7 54. f4 h5 55. e5 fxe5 56. fxe5 Kg8 57. Ke6 Rg4 58. Kf5 Rxh4 59. e6 Kf8 60. Rf7+ Ke8 61. Rxg7 Rh1 62. Rg8+ Ke7 63. Rg7+ Ke8 64. Rg8+ Ke7 65. Rg7+ Ke8 66. Rg8+ Ke7 67. Rg7+ Ke8 1/2-1/2

[Event "TUN-ch"]
[Site "Sfax"]
[Date "2022.01.24"]
[Round "3"]
[White "Jmila, Omar"]
[Black "Ben Ghanem, Hamed"]
[Result "1/2-1/2"]
[WhiteElo "2138"]
[BlackElo "2100"]
[PlyCount "100"]
[EventDate "2022.01.22"]
[EventType "tourn"]
[EventRounds "11"]
[EventCountry "TUN"]
[SourceTitle "CBM 206 Extra"]
[Source "ChessBase"]
[SourceDate "2022.03.31"]
[SourceVersion "1"]
[SourceVersionDate "2022.03.31"]
[SourceQuality "1"]

1. Nf3 d5 2. c4 e6 3. g3 Nf6 4. Bg2 Be7 5. 0-0 0-0 6. Qc2 c6 7. b3 Nbd7 8. Bb2 Re8 9. Rd1 Bf8 10. d4 b6 11. Nbd2 Bb7 12. e4 dxe4 13. Nxe4 Qc7 14. Nxf6+ Nxf6 15. Rac1 Red8 16. Qb1 Qe7 17. Re1 h6 18. Nh4 Qd6 19. Rcd1 Be7 20. Bh3 Nd7 21. Ng6 Bf6 22. Ne5 Bxe5 23. dxe5 Qc7 24. Rd6 c5 25. Qd3 Nf8 26. Bg2 Bxg2 27. Kxg2 Rxd6 28. exd6 Qc6+ 29. f3 Rd8 30. Rd1 Rd7 31. h4 f6 32. a3 e5 33. b4 Ne6 34. Qd5 Qxd5 35. Rxd5 Kf7 36. Kf2 Ke8 37. Ke3 Rd8 38. f4 exf4+ 39. gxf4 f5 40. Be5 g6 41. Rd2 Kd7 42. Rg2 Rg8 43. h5 g5 44. fxg5 Nxg5 45. bxc5 bxc5 46. Rb2 Ke6 47. Bf4 Ne4 48. Rb7 Nxd6 49. Bxd6 Kxd6 50. Rxa7 Rg5 1/2-1/2

[Event "Africa-ch"]
[Site "Hammamet"]
[Date "2019.07.09"]
[Round "1"]
[White "Jmila, Omar"]
[Black "Makoto, Rodwell"]
[Result "1-0"]
[WhiteElo "2119"]
[BlackElo "2381"]
[PlyCount "109"]
[EventDate "2019.07.09"]
[EventType "swiss"]
[EventRounds "9"]
[EventCountry "TUN"]
[SourceTitle "CBM 191 Extra"]
[Source "ChessBase"]
[SourceDate "2019.09.30"]
[SourceVersion "1"]
[SourceVersionDate "2019.09.30"]
[SourceQuality "1"]

1. Nf3 Nf6 2. c4 g6 3. g3 Bg7 4. Bg2 0-0 5. 0-0 d5 6. cxd5 Qxd5 7. Nc3 Qh5 8. Qb3 c5 9. d4 cxd4 10. Nxd4 e5 11. Nf3 Nc6 12. Bg5 Nd4 13. Nxd4 Qxg5 14. Nf3 Qh5 15. Qb5 Nd7 16. Rfd1 Nb6 17. Ne4 Bg4 18. a4 f5 19. Nd6 e4 20. a5 f4 21. Qb3+ Nd5 22. Rxd5 Be6 23. Rxh5 Bxb3 24. Rb5 exf3 25. Bxf3 Be6 26. Rxb7 Rad8 27. Ne4 Rf7 28. Rxf7 Bxf7 29. Ng5 fxg3 30. hxg3 Bxb2 31. Nxf7 Kxf7 32. Rb1 Rd2 33. Kg2 h5 34. Rh1 Kf6 35. e3 Ke5 36. a6 Rd6 37. Be2 Ba3 38. Rb1 Bc5 39. Rb7 Kf6 40. Bc4 Rd2 41. Rf7+ Kg5 42. Kh3 Kh6 43. Rc7 Bb6 44. Rc6 Rd7 45. Ba2 Rc7 46. Re6 Rg7 47. Bb1 Kh7 48. Be4 Bc5 49. Rc6 Bb4 50. Bb1 Ba3 51. f4 Bb4 52. e4 g5 53. e5+ Kg8 54. Rc8+ Bf8 55. Ba2+ 1-0

[Event "TUN-ch"]
[Site "Sousse"]
[Date "2019.05.15"]
[Round "10"]
[White "Jmila, Omar"]
[Black "Boudriga, Mohamed Ali"]
[Result "0-1"]
[WhiteElo "2100"]
[BlackElo "2340"]
[PlyCount "108"]
[EventDate "2019.05.06"]
[EventType "tourn"]
[EventRounds "11"]
[EventCountry "TUN"]
[SourceTitle "CBM 190 Extra"]
[Source "ChessBase"]
[SourceDate "2019.07.15"]
[SourceVersion "1"]
[SourceVersionDate "2019.07.15"]
[SourceQuality "1"]

1. c4 e5 2. Nc3 Nf6 3. g3 c6 4. d4 d6 5. Bg2 Be7 6. d5 0-0 7. Nf3 cxd5 8. Nxd5 Nxd5 9. Qxd5 Nc6 10. 0-0 Be6 11. Qb5 Rb8 12. Be3 a6 13. Qa4 Na5 14. Nd2 b5 15. cxb5 axb5 16. Qd1 d5 17. Nf3 f6 18. Bd2 Nc4 19. b3 Na3 20. Ne1 b4 21. Nc2 Nxc2 22. Qxc2 Qb6 23. Rfc1 Rfc8 24. Qd1 Bc5 25. e3 Rd8 26. Qe2 d4 27. exd4 Bxd4 28. Be3 Bxe3 29. fxe3 Rbc8 30. Kf2 f5 31. Ke1 e4 32. Rxc8 Rxc8 33. Rd1 Rd8 34. Rxd8+ Qxd8 35. Qa6 Qc8 36. Qxc8+ Bxc8 37. Kd2 Kf7 38. Kc2 Ke6 39. Bf1 Kd6 40. Bc4 g5 41. Kb2 Be6 42. Be2 f4 43. gxf4 gxf4 44. exf4 Kc5 45. a4 Kd4 46. a5 Ke3 47. Bc4 Bc8 48. a6 Kxf4 49. Kc2 Ke3 50. a7 Bb7 51. h4 Kf2 52. Kd1 e3 53. Be2 Bd5 54. h5 Bxb3+ 0-1

[Event "Arab Cities"]
[Site "Hammamet"]
[Date "2019.02.25"]
[Round "7.3"]
[White "Masrahi, Abdulrahman A"]
[Black "Jmila, Omar"]
[Result "0-1"]
[WhiteElo "1959"]
[BlackElo "2121"]
[PlyCount "52"]
[EventDate "2019.02.21"]
[EventType "team-swiss"]
[EventRounds "7"]
[EventCountry "TUN"]
[SourceTitle "CBM 189 Extra"]
[Source "ChessBase"]
[SourceDate "2019.06.03"]
[SourceVersion "1"]
[SourceVersionDate "2019.06.03"]
[SourceQuality "1"]
[WhiteTeam "Er Riadh"]
[BlackTeam "Ariana"]
[WhiteTeamCountry "TUN"]
[BlackTeamCountry "TUN"]

1. d4 Nf6 2. Bf4 g6 3. e3 Bg7 4. Nf3 d6 5. h3 0-0 6. Bd3 Nfd7 7. 0-0 Nc6 8. c4 e5 9. Bh2 exd4 10. exd4 Nxd4 11. Nc3 Nxf3+ 12. Qxf3 Ne5 13. Qe3 Nxd3 14. Qxd3 Bf5 15. Qd2 Re8 16. Rfe1 Qd7 17. Rxe8+ Rxe8 18. Re1 Rxe1+ 19. Qxe1 Qe6 20. Qxe6 Bxe6 21. Nb5 Bxc4 22. Nxc7 Bxa2 23. Bxd6 Bxb2 24. Nb5 a6 25. Ba3 Bxa3 26. Nxa3 b5 0-1

[Event "TUN-ch"]
[Site "Hammamet"]
[Date "2016.12.06"]
[Round "3"]
[White "Meftahi, Houssem"]
[Black "Jmila, Omar"]
[Result "1-0"]
[WhiteElo "2125"]
[BlackElo "2082"]
[PlyCount "67"]
[EventDate "2016.12.05"]
[EventType "swiss"]
[EventRounds "9"]
[EventCountry "TUN"]
[SourceTitle "CBM 176 Extra"]
[Source "ChessBase"]
[SourceDate "2017.03.02"]
[SourceVersion "1"]
[SourceVersionDate "2017.03.02"]
[SourceQuality "1"]

1. e4 e5 2. Nf3 Nc6 3. Bb5 a6 4. Ba4 Nf6 5. d3 b5 6. Bb3 Be7 7. 0-0 0-0 8. c3 d5 9. Qe2 dxe4 10. dxe4 Bg4 11. Rd1 Qe8 12. a4 Na5 13. Bc2 Nc4 14. Nbd2 Nd6 15. h3 Bxf3 16. Nxf3 Nd7 17. Be3 Kh8 18. b3 Bf6 19. c4 bxc4 20. bxc4 Qe7 21. c5 Ne8 22. Qc4 c6 23. Rab1 Nc7 24. Rb7 Rfc8 25. Bb3 Kg8 26. Qxf7+ Qxf7 27. Bxf7+ Kxf7 28. Rxd7+ Ke8 29. Rdxc7 Kd8 30. Rf7 Ke8 31. Bg5 Rab8 32. Bxf6 gxf6 33. Rbe7+ Kd8 34. Nh4 1-0

[Event "TUN-ch"]
[Site "Monastir"]
[Date "2014.12.23"]
[Round "2"]
[White "Jmila, Omar"]
[Black "Meddeb, Anis"]
[Result "1-0"]
[WhiteElo "2056"]
[BlackElo "2134"]
[PlyCount "54"]
[EventDate "2014.12.23"]
[EventType "tourn"]
[EventRounds "9"]
[EventCountry "TUN"]
[SourceTitle "EXT 2016"]
[Source "ChessBase"]
[SourceDate "2015.10.08"]
[SourceVersion "1"]
[SourceVersionDate "2015.10.08"]
[SourceQuality "1"]

1. Nf3 c5 2. c4 Nf6 3. g3 g6 4. Bg2 Bg7 5. Nc3 Nc6 6. 0-0 0-0 7. d4 cxd4 8. Nxd4 Nxd4 9. Qxd4 d6 10. Bg5 Ng4 11. Qe4 f6 12. Bc1 f5 13. Qc2 Ne5 14. Bg5 h6 15. Bd2 Kh7 16. b3 Nc6 17. Rad1 Nd4 18. Qb1 e5 19. f4 e4 20. Be3 Nc6 21. Nb5 Rf6 22. Rd2 a6 23. Nc3 Be6 24. Rfd1 Bg8 25. Nd5 Bxd5 26. Rxd5 Nb4 27. R5d2 Re6 1-0

[Event "Monastir Slama Memorial op"]
[Site "Monastir"]
[Date "2013.09.13"]
[Round "7"]
[White "Jmila, Omar"]
[Black "Boulkrouche, Yacine"]
[Result "1-0"]
[WhiteElo "2098"]
[BlackElo "2039"]
[PlyCount "20"]
[EventDate "2013.09.09"]
[EventType "swiss"]
[EventRounds "9"]
[EventCountry "TUN"]
[SourceTitle "CBM 156 Extra"]
[Source "ChessBase"]
[SourceDate "2013.10.22"]
[SourceVersion "1"]
[SourceVersionDate "2013.10.22"]
[SourceQuality "1"]

1. e4 c5 2. Nf3 d6 3. c3 Nc6 4. Be2 Nf6 5. d3 e6 6. Nbd2 Be7 7. Nf1 0-0 8. Ng3 d5 9. Qc2 d4 10. e5 Nd7 1-0

[Event "TUN-ch"]
[Site "Hammamet"]
[Date "2013.03.21"]
[Round "8"]
[White "Bouaziz, Mehdi"]
[Black "Jmila, Omar"]
[Result "1-0"]
[WhiteElo "2237"]
[BlackElo "2099"]
[PlyCount "79"]
[EventDate "2013.03.16"]
[EventType "swiss"]
[EventRounds "9"]
[EventCountry "TUN"]
[SourceTitle "CBM 153 Extra"]
[Source "ChessBase"]
[SourceDate "2013.04.22"]
[SourceVersion "1"]
[SourceVersionDate "2013.04.22"]
[SourceQuality "1"]

1. d4 d5 2. Nf3 Nf6 3. c4 c6 4. Nc3 e6 5. e3 Nbd7 6. Bd3 c5 7. cxd5 exd5 8. 0-0 c4 9. Bc2 Bb4 10. e4 dxe4 11. Nxe4 0-0 12. Bg5 h6 13. Bh4 Be7 14. Qe2 Nb6 15. Rad1 Nfd5 16. Bxe7 Qxe7 17. Ne5 Be6 18. f4 Nb4 19. f5 Nxc2 20. fxe6 Nxd4 21. Rxd4 Qxe6 22. Nxc4 Rae8 23. Ncd6 Rd8 24. Qd2 f5 25. Nc3 Rd7 26. Ndb5 Nc4 27. Qf2 Rxd4 28. Nxd4 Qb6 29. b3 Ne5 30. Nde2 Qa5 31. Qf4 g5 32. Qa4 Qc7 33. Qxa7 Ng4 34. g3 f4 35. Qd4 Nxh2 36. Kxh2 fxg3+ 37. Kg2 Rxf1 38. Kxf1 Kh7 39. Qe3 Kg7 40. Nxg3 1-0

[Event "TUN-ch"]
[Site "Hammamet"]
[Date "2013.03.20"]
[Round "7"]
[White "Jmila, Omar"]
[Black "Gaieb, Amen Allah"]
[Result "1-0"]
[WhiteElo "2099"]
[BlackElo "1986"]
[PlyCount "135"]
[EventDate "2013.03.16"]
[EventType "swiss"]
[EventRounds "9"]
[EventCountry "TUN"]
[SourceTitle "CBM 153 Extra"]
[Source "ChessBase"]
[SourceDate "2013.04.22"]
[SourceVersion "1"]
[SourceVersionDate "2013.04.22"]
[SourceQuality "1"]

1. e4 c5 2. Nf3 d6 3. d4 cxd4 4. Nxd4 Nf6 5. Nc3 a6 6. Be2 e5 7. Nb3 Be7 8. a4 Be6 9. Be3 0-0 10. 0-0 Nbd7 11. Nd2 d5 12. exd5 Nxd5 13. Nxd5 Bxd5 14. c4 Bc6 15. Bf3 Qc7 16. Ne4 Rad8 17. Qc2 h6 18. Ng3 Bxf3 19. gxf3 Rfe8 20. h3 Qc6 21. Qe4 Qxe4 22. fxe4 Bc5 23. Rad1 Bxe3 24. fxe3 g6 25. a5 Kf8 26. b4 Nf6 27. Kf2 Ke7 28. Ke2 Rxd1 29. Rxd1 Rd8 30. Rxd8 Kxd8 31. Kd3 Kc7 32. Ne2 g5 33. Nc3 g4 34. hxg4 Nxg4 35. Ke2 h5 36. Kf3 Nh2+ 37. Kg2 Ng4 38. Nd5+ Kd6 39. Kg3 Kc6 40. Ne7+ Kc7 41. Nf5 Kc6 42. Kf3 Nf6 43. Nh6 Nd7 44. Nxf7 b6 45. b5+ Kc7 46. axb6+ Kxb6 47. bxa6 Kxa6 48. Kg3 Kb6 49. Kh4 Kc5 50. Kxh5 Kxc4 51. Kg5 Kd3 52. Kf5 Kxe3 53. Nxe5 Nc5 54. Ng4+ Kd4 55. e5 Kd5 56. Nf6+ Kc6 57. Nh5 Kd7 58. Kf6 Ne6 59. Ng3 Nd4 60. Ne4 Kd8 61. Kf7 Kd7 62. Ng5 Kc6 63. Ke7 Kd5 64. Kf6 Kc5 65. Nf3 Nc6 66. e6 Kd5 67. Ne5 Nxe5 68. e7 1-0